[Event "Malakhatko Memorial op"]
[Site "Chess.com INT"]
[Date "2023.06.14"]
[Round "3"]
[White "Kostenchuk, Oleksandra"]
[Black "Zhukovskyi, Myhaylo"]
[Result "0-1"]
[WhiteElo "1568"]
[BlackElo "1745"]
[PlyCount "48"]
[EventDate "2023.06.14"]
[EventType "swiss (blitz)"]
[EventRounds "11"]
[EventCountry "USA"]
[SourceTitle "CBM 214 Extra"]
[Source "ChessBase"]
[SourceDate "2023.07.31"]
[SourceVersion "1"]
[SourceVersionDate "2023.07.31"]
[SourceQuality "1"]

1. d4 Nf6 2. Nf3 e6 3. Bf4 d5 4. e3 c5 5. c3 Nc6 6. Nbd2 Bd6 7. Be2 Bxf4 8. exf4 cxd4 9. Nxd4 Nxd4 10. cxd4 0-0 11. Rc1 Bd7 12. 0-0 Qb6 13. Nb3 Ne4 14. Bf3 f5 15. Qe2 Bb5 16. Qe3 Bxf1 17. Rxf1 Rac8 18. Bxe4 dxe4 19. Nc5 Rfd8 20. b3 Rd5 21. Na4 Qxd4 22. Qxd4 Rxd4 23. g3 Rd2 24. a3 b5 0-1

[Event "Malakhatko Memorial op"]
[Site "Chess.com INT"]
[Date "2023.06.14"]
[Round "1"]
[White "Okhotnik, Vladimir"]
[Black "Zhukovskyi, Myhaylo"]
[Result "0-1"]
[WhiteElo "2311"]
[BlackElo "1745"]
[PlyCount "96"]
[EventDate "2023.06.14"]
[EventType "swiss (blitz)"]
[EventRounds "11"]
[EventCountry "USA"]
[SourceTitle "CBM 214 Extra"]
[Source "ChessBase"]
[SourceDate "2023.07.31"]
[SourceVersion "1"]
[SourceVersionDate "2023.07.31"]
[SourceQuality "1"]

1. e4 c5 2. Nf3 d6 3. Bc4 Nf6 4. d3 Nc6 5. 0-0 e6 6. c3 Be7 7. Bb3 0-0 8. Re1 d5 9. e5 Nd7 10. d4 cxd4 11. cxd4 f6 12. exf6 Nxf6 13. Nc3 Bd7 14. a3 Ne8 15. Qd3 Nd6 16. Bc2 g6 17. Bh6 Rf7 18. Qd2 Nc4 19. Qc1 Rxf3 20. gxf3 Nxd4 21. Bd1 Bd6 22. Bg5 Qc7 23. Kg2 Nf5 24. b3 Ne5 25. Qd2 Nf7 26. Bf6 Rf8 27. Rc1 Bf4 28. Qb2 Bxc1 29. Qxc1 d4 30. Ne2 Bc6 31. Bc2 N7h6 32. Bg5 Nf7 33. Bf4 e5 34. Bd2 Nh4+ 35. Kf1 Nxf3 36. Ng3 Nxh2+ 37. Kg1 Nf3+ 38. Kf1 Bb5+ 39. Kg2 Nxe1+ 40. Bxe1 d3 41. Ne4 Bc6 42. f3 Bxe4 43. Qe3 Qxc2+ 44. Bf2 Bf5 45. Kg3 d2 46. Qe2 d1Q 47. Qxc2 Qxc2 48. b4 Qb3 0-1

[Event "Malakhatko Memorial op"]
[Site "Chess.com INT"]
[Date "2023.06.14"]
[Round "9"]
[White "Zhukovskyi, Myhaylo"]
[Black "Korman, Nikita"]
[Result "1-0"]
[WhiteElo "1745"]
[BlackElo "1652"]
[PlyCount "75"]
[EventDate "2023.06.14"]
[EventType "swiss (blitz)"]
[EventRounds "11"]
[EventCountry "USA"]
[SourceTitle "CBM 214 Extra"]
[Source "ChessBase"]
[SourceDate "2023.07.31"]
[SourceVersion "1"]
[SourceVersionDate "2023.07.31"]
[SourceQuality "1"]

1. Nf3 Nf6 2. g3 g6 3. Bg2 Bg7 4. 0-0 0-0 5. d4 d5 6. c4 c6 7. a4 Nbd7 8. cxd5 cxd5 9. a5 Ne4 10. Qb3 e6 11. Bf4 Nb8 12. Nc3 Nc6 13. Qa3 Re8 14. Nb5 g5 15. Be3 a6 16. Nc3 g4 17. Ne5 Nxc3 18. Qxc3 Bxe5 19. dxe5 d4 20. Qc4 dxe3 21. Qxg4+ Kh8 22. Bxc6 bxc6 23. fxe3 Ra7 24. Rf6 Rg8 25. Qh5 Rg7 26. Raf1 Qd7 27. R1f4 c5 28. Qh6 Rc7 29. Kf2 Bb7 30. Qh4 Qd5 31. Qh3 Rd7 32. Rh6 Qh1 33. Rfh4 Kg8 34. Rxh7 Rxh7 35. Rxh7 Kf8 36. Rh8+ Ke7 37. Qh4+ f6 38. Qxf6# 1-0

[Event "Kiev Spring op"]
[Site "Kiev"]
[Date "2023.03.31"]
[Round "9"]
[White "Goreskul, Alyona"]
[Black "Zhukovskyi, Myhaylo"]
[Result "1/2-1/2"]
[WhiteElo "2193"]
[BlackElo "1695"]
[PlyCount "44"]
[EventDate "2023.03.25"]
[EventType "swiss"]
[EventRounds "9"]
[EventCountry "UKR"]
[SourceTitle "EXT 2024"]
[Source "ChessBase"]
[SourceDate "2023.10.10"]
[SourceVersion "1"]
[SourceVersionDate "2023.10.10"]
[SourceQuality "1"]

1. e4 c5 2. c3 Nf6 3. e5 Nd5 4. g3 d6 5. exd6 Qxd6 6. Bg2 Nc6 7. Ne2 Bg4 8. h3 Bh5 9. Na3 e6 10. 0-0 Be7 11. g4 Bg6 12. d4 Rd8 13. Nc4 Qc7 14. Ne3 Nb6 15. f4 cxd4 16. Nxd4 Nxd4 17. cxd4 f6 18. f5 Bf7 19. fxe6 Bxe6 20. Nf5 0-0 21. Bf4 Qd7 22. Nxe7+ Qxe7 1/2-1/2

[Event "Kiev Spring op"]
[Site "Kiev"]
[Date "2023.03.29"]
[Round "6"]
[White "Vasylenko, Nadiya"]
[Black "Zhukovskyi, Myhaylo"]
[Result "0-1"]
[WhiteElo "1363"]
[BlackElo "1695"]
[PlyCount "112"]
[EventDate "2023.03.25"]
[EventType "swiss"]
[EventRounds "9"]
[EventCountry "UKR"]
[SourceTitle "EXT 2024"]
[Source "ChessBase"]
[SourceDate "2023.10.10"]
[SourceVersion "1"]
[SourceVersionDate "2023.10.10"]
[SourceQuality "1"]

1. e4 c5 2. d4 cxd4 3. c3 Nf6 4. e5 Nd5 5. Qxd4 e6 6. Nf3 Nc6 7. Qd1 Qc7 8. c4 Nde7 9. Qd6 Qxd6 10. exd6 Nf5 11. Bf4 Bxd6 12. Bxd6 Nxd6 13. Nc3 b6 14. 0-0-0 Ke7 15. Be2 Bb7 16. Rd2 Rhd8 17. Rhd1 Ne8 18. b3 Rac8 19. Kb2 Nf6 20. a3 d6 21. g3 Rd7 22. Ng5 Rcd8 23. Bf3 h6 24. Nh3 g5 25. Ng1 g4 26. Bg2 Ne5 27. Bxb7 Rxb7 28. f4 gxf3 29. Rf1 b5 30. cxb5 d5 31. Nxf3 Nxf3 32. Rxf3 d4 33. Ne2 e5 34. h3 Rxb5 35. g4 Ne4 36. Rd1 Nc3 37. Rd2 Nxe2 38. Rxe2 d3 39. Rd2 e4 40. Re3 Re5 41. b4 Ke6 42. Kb3 h5 43. Kb2 hxg4 44. hxg4 Rg8 45. Rg2 Kd5 46. Kc1 f5 47. g5 f4 48. Rh3 Rexg5 49. Rxg5+ Rxg5 50. Kd2 Rg2+ 51. Kc3 Rc2+ 52. Kb3 Rc7 53. Rh2 e3 54. Rh5+ Ke4 55. Rh1 d2 56. Kb2 e2 0-1

[Event "Vinnytsia City Cup"]
[Site "Vinnytsia"]
[Date "2021.11.03"]
[Round "3"]
[White "Zhukovskyi, Myhaylo"]
[Black "Scherbina, Dmitry"]
[Result "1/2-1/2"]
[WhiteElo "1637"]
[BlackElo "1945"]
[PlyCount "53"]
[EventDate "2021.11.02"]
[EventType "tourn"]
[EventRounds "11"]
[EventCountry "UKR"]
[SourceTitle "CBM 205 Extra"]
[Source "ChessBase"]
[SourceDate "2022.01.31"]
[SourceVersion "1"]
[SourceVersionDate "2022.01.31"]
[SourceQuality "1"]

1. e4 c6 2. d4 d5 3. exd5 cxd5 4. Bd3 Nc6 5. c3 Nf6 6. h3 g6 7. Nf3 Bg7 8. 0-0 0-0 9. Bf4 Bf5 10. Be2 Ne4 11. Nbd2 Nf6 12. Re1 Bd7 13. Ne5 e6 14. Nxc6 Bxc6 15. Be5 Qd7 16. Nf3 Bb5 17. Bxb5 Qxb5 18. Qb3 Qd7 19. a4 Rfc8 20. Qb5 Qe7 21. a5 Ne8 22. Bxg7 Kxg7 23. Qxd5 Nf6 24. Qb3 Qc7 25. Ng5 Qc6 26. Re5 Nd5 27. Qa4 1/2-1/2

[Event "Pardubice Czech op-D 29th"]
[Site "Pardubice"]
[Date "2018.07.28"]
[Round "9"]
[White "Khaidarov, Lars"]
[Black "Zhukovskyi, Myhaylo"]
[Result "0-1"]
[WhiteElo "1510"]
[BlackElo "1370"]
[PlyCount "72"]
[EventDate "2018.07.21"]
[EventType "swiss"]
[EventRounds "9"]
[EventCountry "CZE"]
[SourceTitle "CBM 186 Extra"]
[Source "ChessBase"]
[SourceDate "2018.08.24"]
[SourceVersion "1"]
[SourceVersionDate "2018.08.24"]
[SourceQuality "1"]

1. d4 Nf6 2. Nf3 g6 3. c4 d5 4. g3 Bg7 5. Bg2 c6 6. Nc3 0-0 7. cxd5 Nxd5 8. 0-0 Bg4 9. h3 Bxf3 10. Bxf3 e6 11. h4 Nxc3 12. bxc3 Nd7 13. Rb1 Nb6 14. Bg5 Qd7 15. e4 h6 16. Be3 Rfd8 17. Qb3 Qe7 18. a4 Rd7 19. a5 Nc8 20. e5 a6 21. Qb4 Qd8 22. c4 Ne7 23. h5 gxh5 24. Bxh5 Nf5 25. Qb6 Qe7 26. Rfe1 Rad8 27. Qa7 Rc8 28. Rb3 Rcc7 29. Bg4 Nxe3 30. Rexe3 Qd8 31. Rbd3 Qg5 32. Bf3 Qd8 33. Qb6 Rc8 34. Qb4 c5 35. Qb6 Qxb6 36. axb6 cxd4 0-1

[Event "Pardubice Czech op-D 29th"]
[Site "Pardubice"]
[Date "2018.07.22"]
[Round "2"]
[White "Lingl, Peter"]
[Black "Zhukovskyi, Myhaylo"]
[Result "0-1"]
[WhiteElo "1632"]
[BlackElo "1370"]
[PlyCount "64"]
[EventDate "2018.07.21"]
[EventType "swiss"]
[EventRounds "9"]
[EventCountry "CZE"]
[SourceTitle "CBM 186 Extra"]
[Source "ChessBase"]
[SourceDate "2018.08.24"]
[SourceVersion "1"]
[SourceVersionDate "2018.08.24"]
[SourceQuality "1"]

1. e4 c5 2. Nc3 e6 3. f4 Nc6 4. Bb5 Nge7 5. Bxc6 Nxc6 6. Nf3 Be7 7. d3 0-0 8. 0-0 d5 9. e5 b6 10. Ne2 Bb7 11. Ng3 Bh4 12. c3 Bxg3 13. hxg3 d4 14. Kf2 dxc3 15. bxc3 Ba6 16. Ne1 Qd7 17. Rb1 Rad8 18. Ke3 Ne7 19. g4 Nd5+ 20. Kf3 Nxc3 21. Qc2 Nb5 22. Bb2 Nd4+ 23. Bxd4 Qxd4 24. Rd1 c4 25. Qa4 Bb7+ 26. Kg3 Qe3+ 27. Nf3 Rd4 28. dxc4 Qxf4+ 29. Kf2 Rxc4 30. Qd7 Rc2+ 31. Rd2 Bxf3 32. Rxc2 Bc6+ 0-1